000 00207nam a2200109Ia 4500
100 _aKROEBER/THEODRA.
942 _cBK
245 _aISHI IN TWO WOLRDS.
260 _b#N/A
546 _aENGLISH
999 _c27874
_d27874